Yo-Kai Watch 3 (All Yo-Kai) - Statistics

General Stats
  • This quiz has been taken 1,033 times
  • The average score is 190 of 694
Answer Stats
Tribe Rank Answer % Correct
Charming D Jibanyan
79%
Brave E Pandle
73%
Brave C Undy
68%
Charming D Komasan
66%
Brave B Tanbo
65%
Charming D Komajiro
61%
Slippery C Whisper
60%
Brave E Cutta-nah
55%
Brave S Snartle
55%
Brave S Shogunyan
54%
Brave C Cutta-nah-nah
53%
Tough S Gargaros
53%
Brave B Slacka-slash
53%
Brave C Blazion
52%
Brave B Hovernyan
52%
Brave E Sigh-Durr
52%
Brave E Hissfit
51%
Charming S Komasan S
51%
Mysterious S Kyubi
51%
Tough A Robonyan
51%
Mysterious D Tattletell
51%
Slippery S Venoct
51%
Brave A Zerberker
51%
Charming A Komane
50%
Slippery E Noko
50%
Charming B Thornyan
50%
Charming B Baddinyan
49%
Tough S Gilgaros
49%
Charming S Jibanyan S
49%
Charming A Komiger
49%
Brave D Mochismo
49%
Tough S Orcanos
49%
Slippery A Pandanoko
49%
Eerie E Manjimutt
48%
Eerie S Dandoodle
47%
Shady B Usapyon
47%
Charming D Walkappa
47%
Charming S Blizzaria
46%
Brave E Flippit
46%
Tough S Goldenyan
46%
Heartful E Hungramps
46%
Slippery S Shadow Venoct
46%
Brave B Beetler
45%
Slippery A Bloominoko
45%
Brave E Brushido
45%
Charming A Emenyan
45%
Heartful C Happierre
45%
Mysterious S Komashura
45%
Charming A Melonyan
45%
Tough E Noway
45%
Tough A Robonyan F
45%
Brave A Siro
45%
Shady A Slimamander
45%
Eerie A Sproink
45%
Mysterious B Tattlecast
45%
Tough B Badude
44%
Brave S Cruncha
44%
Charming S Damona
44%
Charming A Dianyan
44%
Heartful S Elder Bloom
44%
Charming B Frostina
44%
Brave D Helmsman
44%
Brave S Illuminoct
44%
Brave B Quaken
44%
Tough E Roughraff
44%
Brave A Sgt. Burly
44%
Brave S Corptain
43%
Mysterious S Frostail
43%
Charming B Grapenyan
43%
Charming S Komajiro S
43%
Brave E Lie-in
43%
Brave D Minochi
43%
Charming B Oranyan
43%
Brave A Reuknight
43%
Charming A Rubinyan
43%
Charming A Sapphinyan
43%
Charming S Spoilerina
43%
Mysterious S Tengu
43%
Brave B Washogun
43%
Charming A Appak
42%
Brave A Beetall
42%
Tough A Bruff
42%
Heartful B Hungorge
42%
Charming B Jibanyan B
42%
Brave A Lie-in-Heart
42%
Heartful A Mama Aura
42%
Eerie B Multimutt
42%
Tough S Ogralus
42%
Charming C Shmoopie
42%
Mysterious C Skranny
42%
Charming A Topanyan
42%
Heartful S Auntie Heart
41%
Charming A Faux Kappa
41%
Enma S Lord Enma
41%
Heartful E Steppa
41%
Brave S Brutle
40%
Charming A Buchinyan
40%
Eerie E Buhu
40%
Brave S Demuncher
40%
Charming B Komasan B
40%
Shady S Poofessor
40%
Charming E Pupsicle
40%
Heartful D Rhyth
40%
Eerie A Sir Berus
40%
Heartful E Wiglin
40%
Eerie D Dismarelda
39%
Brave A Momonyan
39%
Tough S Toadal Dude
39%
Charming D Baku
38%
Brave S Devourer
38%
Slippery D Draggie
38%
Tough A Dromp
38%
Tough E Dulluma
38%
Mysterious S Flengu
38%
Heartful B Grainpa
38%
Mysterious C Mirapo
38%
Heartful E Pallysol
38%
Heartful A Papa Bolt
38%
Charming B Pinkipoo
38%
Mysterious D Signibble
38%
Mysterious S Statiking
38%
Slippery A SV Snaggerjag
38%
Brave D Tublappa
38%
Tough A Walldin
38%
Mysterious E Wazzat
38%
Eerie S Arachnus
37%
Mysterious D Cupistol
37%
Tough B Impass
37%
Brave C Mudmunch
37%
Mysterious A Signiton
37%
Slippery S Slurpent
37%
Charming B Strawbnyan
37%
Charming A Supyo
37%
Heartful S Uncle Infinite
37%
Charming E Cadin
36%
Mysterious A Casanono
36%
Mysterious A Casanuva
36%
Brave C Chansin
36%
Eerie A Darknyan
36%
Shady E Dimmy
36%
Mysterious E Dummkap
36%
Eerie S Eterna
36%
Charming A Jibakoma
36%
Charming B Kiwinyan
36%
Mysterious A Miradox
36%
Charming A Pookivil
36%
Charming S Swelterrier
36%
Wicked S Unkeen
36%
Shady S Wobblewok
36%
Mysterious B Alloo
35%
Charming S Blizzie
35%
Shady D Hidabat
35%
Brave A Snee
35%
Eerie S Arachnia
34%
Tough D Armsman
34%
Slippery S Azure Dragon
34%
Brave S Camellia
34%
Shady S Count Cavity
34%
Shady S Darkyubi
34%
Tough B Darumacho
34%
Shady B Dracunyan
34%
Slippery S Dragon Lord
34%
Mysterious C Elloo
34%
Heartful D Enefly
34%
Heartful D Enerfly
34%
Mysterious C Espy
34%
Eerie S Everfore
34%
Eerie C Flumpy
34%
Heartful D Gnomey
34%
Eerie B Grumples
34%
Mysterious C Illoo
34%
Charming B Jetnyan
34%
Shady A Nul
34%
Heartful A Reversa
34%
Mysterious A Smogmella
34%
Charming S Tigappa
34%
Wicked S Unfairy
34%
Wicked S Unkaind
34%
Wicked S Untidy
34%
Charming A Watermelnyan
34%
Brave B B3-NK1
33%
Brave C Benkei
33%
Brave S Gleam
33%
Tough B Goruma
33%
Eerie D Gush
33%
Mysterious B Infour
33%
Brave S Last Nyanmurai
33%
Eerie S Little Charmer
33%
Mysterious A Master Oden
33%
Charming A Sailornyan
33%
Tough S Silver Lining
33%
Eerie E Slush
33%
Mysterious D Smogling
33%
Slippery B Starry Noko
33%
Tough S Swosh
33%
Tough S Uber Geeko
33%
Charming E Dazzabel
32%
Charming C Drizzelda
32%
Mysterious D Duchoo
32%
Shady A Gutsy Bones
32%
Heartful A High Gnomey
32%
Shady S Hinozall
32%
Eerie A Insomni
32%
Brave A Machonyan
32%
Tough C Mad Mountain
32%
Mysterious A Mircle
32%
Brave B Moximous K
32%
Brave B Moximous N
32%
Tough E No-Go Kart
32%
Brave S Nunchucky
32%
Heartful D Predictabull
32%
Eerie S Sandi
32%
Eerie A Skreek
32%
Shady A Timidevil
32%
Charming B Tomnyan
32%
Charming C Whapir
32%
Slippery C Whispocrates
32%
Shady A Abodabat
31%
Wicked A Badsmella
31%
Shady B Blandon
31%
Charming C Cadable
31%
Eerie B Drizzle
31%
Mysterious C Fuu 2
31%
Tough S Hornaplenty
31%
Mysterious B Houzzat
31%
Brave A Kapunki
31%
Mysterious S Komastar
31%
Mysterious C Lionguist
31%
Slippery S Mermadonna
31%
Brave D Minimoto
31%
Shady B Nird
31%
Various E Originyan
31%
Heartful A Reversette
31%
Tough B Rhinoggin
31%
Charming A Robokoma
31%
Charming C Rudy
31%
Brave A Sheen
31%
Brave S Shurikenny
31%
Charming B Singcada
31%
Mysterious E Slippup
31%
Mysterious S Spect-Hare
31%
Brave B Sushiyama
31%
Wicked S Unpleasant
31%
Charming D Boyclops
30%
Charming A Chocobonyan
30%
Mysterious D Cornfused
30%
Shady S Hinozall Awoken
30%
Brave S Hovernyan S
30%
Wicked B Madmunch
30%
Charming S Master Nyada
30%
Tough A Rhinormous
30%
Mysterious S Snow Spect-Hare
30%
Heartful S Unikirin
30%
Shady E Ake
29%
Eerie B Alhail
29%
Mysterious C Apelican
29%
Brave S Arachnevil
29%
Charming B Bakulia
29%
Heartful A Betterfly
29%
Mysterious E Brokenbrella
29%
Charming A Chilhuahua
29%
Eerie E Droplette
29%
Brave A Flamurice
29%
Brave B Hot Air Buffoon
29%
Tough S Kabuking
29%
Heartful S Kyryn
29%
Slippery C Lady Longnek
29%
Brave A Lappinitup
29%
Tough B Lava Lord
29%
Shady E Negatibuzz
29%
Eerie E Peckpocket
29%
Tough S Platinos
29%
Charming A Robokapp
29%
Slippery B Robonoko
29%
Tough A Showbonyan
29%
Brave A Sir Nyansalot
29%
Brave D Slicenrice
29%
Brave D Slumberhog
29%
Mysterious E Snotsolong
29%
Shady D Tantroni
29%
Shady C Tengloom
29%
Mysterious S Toadal Demon
29%
Enma S Umbral Enma
29%
Shady B Usapyon B
29%
Charming B Wondernyan
29%
Shady S Zazel
29%
Slippery B Bananose
28%
Mysterious E D'wanna
28%
Shady A Eyesoar
28%
Heartful C Kelpacabana
28%
Slippery D Mermaidyn
28%
Heartful S Peppillon
28%
Charming C Rattelle
28%
Eerie B Robomutt
28%
Brave D Samureel
28%
Wandroid B Sighborg Y
28%
Brave B Snortlehog
28%
Charming A Sushinyan
28%
Shady D Suspicioni
28%
Brave B Time Keeler
28%
Tough D Zappary
28%
Enma S Ancient Enma
27%
Shady A Belfree
27%
Brave S Bison Burly
27%
Mysterious C Blips
27%
Tough A Castelius I
27%
Tough B Castelius II
27%
Tough C Castelius III
27%
Tough S Castelius Max
27%
Brave D El Gutso
27%
Tough D Fidgephant
27%
Eerie E Furgus
27%
Brave D Goofball
27%
Charming A Hardy Hound
27%
Tough S Jawsome Kid
27%
Charming B KJ
27%
Charming S Komasan Sun Ce
27%
Brave C Liarbird
27%
Charming B Mee 2
27%
Slippery S Mermother
27%
Shady C Moskevil
27%
Shady A Negasus
27%
Charming C Nekidspeed
27%
Shady C Payn
27%
Tough B Puppynyan
27%
Heartful C Ray O' Light
27%
Heartful B Robogramps
27%
Eerie D Rockabelly
27%
Tough B Roughgraff
27%
Heartful E Sandmeh
27%
Enma S Solar Enma
27%
Slippery C Spenp
27%
Brave S The Hinix
27%
Slippery C Babblong
26%
Eerie D Chatalie
26%
Mysterious S Chymera
26%
Slippery S City Licker
26%
Shady B Contrarioni
26%
Shady S Eyellure
26%
Mysterious S Kingmera
26%
Mysterious D Lafalotta
26%
Mysterious D N'more
26%
Slippery B Rageon
26%
Heartful B Rollen
26%
Heartful A Scarasol
26%
Shady A Scritchy
26%
Heartful S Smashibull
26%
Slippery A Tunatic
26%
Mysterious E Why Naant
26%
Charming A Wobblenyan
26%
Wicked B Wrongnek
26%
Eerie C Cheeksqueek
25%
Heartful S Double Time
25%
Shady S Dr. Nocturne
25%
Heartful A Dubbles
25%
Charming S Gabby
25%
Brave A Gutso Grande
25%
Eerie D Hurchin
25%
Charming A King Jibanyan
25%
Charming D Kittylumbus
25%
Charming B Koma Knomads
25%
Enma S Lord Enma Awoken
25%
Wicked A Mad Kappa
25%
Tough B Mistank
25%
Charming A Mooglenyan
25%
Heartful B Mr. Sandmeh
25%
Mysterious C Q'wit
25%
Slippery B Robodraggie
25%
Charming A Rubeus J
25%
Heartful C Seaweed Sensei
25%
Charming B Skelebella
25%
Brave B Slugger
25%
Mysterious D Snottle
25%
Mysterious D So-Sorree
25%
Tough C Swelton
25%
Charming S Unbearaboy!
25%
Slippery B Almi
24%
Shady S Awevil
24%
Mysterious D Faysoff
24%
Slippery D Fishpicable
24%
Heartful S Flash T. Cash
24%
Tough A Frazzel
24%
Shady A Greesel
24%
Slippery D Heheheel
24%
Slippery A Indiana Jaws
24%
Heartful E In-Tune
24%
Charming A Jibanyan T
24%
Shady E Leadoni
24%
Eerie D Nosirs
24%
Charming S Pandora
24%
Eerie B Robbinyu
24%
Charming A Tempurasan
24%
Charming S Tengulightened
24%
Charming S Tenguriginal
24%
Mysterious S Thurston
24%
Charming A Wibblekoma
24%
Mysterious A 2-Much-2-Take
23%
Brave A Acenyan
23%
Heartful S Alpina
23%
Eerie C Compunzer
23%
Eerie E Coughkoff
23%
Slippery B Cynake
23%
Slippery C Daiz
23%
Shady S Dr. E. Raser
23%
Charming B Harry Barry
23%
Charming S Inflammaboy!
23%
Charming D Jumbelina
23%
Shady C K'mon-K'mon
23%
Charming A Komasan T
23%
Eerie B Lamedian
23%
Charming E Leggly
23%
Heartful D Lodo
23%
Mysterious A Maginyan
23%
Shady E Messyrai
23%
Mysterious A Naandhi
23%
Shady A Neighfarious
23%
Charming E Petty-Cake
23%
Tough B Pride Shrimp
23%
Charming S Princess Pearl
23%
Shady A Queen Usapyon
23%
Tough C Touphant
23%
Mysterious E Who-Me
23%
Slippery S Whyvern King
23%
Shady B Agon
22%
Brave C BBQvil
22%
Slippery S Big Fish
22%
Mysterious A Bowminos
22%
Tough S El Sharkador
22%
Tough A Enduriphant
22%
Eerie A Furdinand
22%
Heartful D Grubsnitch
22%
Eerie S Horridjinn
22%
Charming S Jibanyan Liu Bei
22%
Eerie C Nagatha
22%
Tough E Oh Wheel
22%
Heartful C Ol' Saint Trick
22%
Eerie S Oridjinn
22%
Heartful B Pheasanyan
22%
Mysterious E Pittapatt
22%
Tough C Slippy
22%
Heartful S Sonic Bam
22%
Tough A Steaking
22%
Tough E Terrorpotta
22%
Eerie C Treasure Pest
22%
Shady E Treeter
22%
Charming E Twirly Pie
22%
Tough D Whateverest
22%
Shady E Wydeawake
22%
Mysterious E Zip Unlock
22%
Shady B Allnyta
21%
Brave S Asura
21%
Shady S Beelzebold
21%
Charming S Benzaiten
21%
Heartful A Bubble Beth
21%
Charming B Chimpnyan
21%
Slippery B Confuze
21%
Slippery C Croonger
21%
Eerie A Cuttincheez
21%
Charming S Deadcool
21%
Slippery S D-stroy
21%
Wicked D Feargus
21%
Slippery D Flushback
21%
Eerie S Gentlemutt
21%
Wicked C Gnomine
21%
Wicked C Grublappa
21%
Enma S Infinite Enma
21%
Charming A Jackomasan
21%
Charming A Komajiro Ten
21%
Tough S Kyubot
21%
Tough C Ledballoon
21%
Heartful A Nyanses II
21%
Mysterious B Prof. Plumage
21%
Brave S Righteous Zazel
21%
Wicked C Scaremaiden
21%
Mysterious C Skulleidoscope
21%
Shady E Snitchin
21%
Mysterious B Statikid
21%
Brave A Supernyan
21%
Shady S Teducator
21%
Eerie C Toiletta
21%
Slippery D T-Wrecks
21%
Tough S Venoctobot
21%
Heartful E Wantston
21%
Tough E Wotchagot
21%
Eerie A Zomboy
21%
Charming C Ballin
20%
Slippery C Chummer
20%
Slippery B Copperled
20%
Shady C Crook-a-doodle
20%
Heartful C DON-CHAN
20%
Slippery B Draaagin
20%
Slippery S Ebisu
20%
Brave S El Dorago
20%
Heartful S Fukurokuju
20%
Mysterious C House Partay
20%
Slippery A Josper
20%
Tough A Kintaronyan
20%
Charming A Koalanyan
20%
Mysterious D Legsit
20%
Eerie E Love-Torn
20%
Charming S Meopatra
20%
Mysterious A Miss Teri
20%
Shady D Mynimo
20%
Shady E Neggplant
20%
Heartful B Nurse Tongus
20%
Heartful A Odysseynyan
20%
Slippery E Putasockinit
20%
Eerie S Re-Q-Perate
20%
Slippery E Snaggly
20%
Heartful E Tongus
20%
Brave S Bishamonten
19%
Tough D Blowkade
19%
Tough B Blownhistoppa
19%
Shady B Carniboy
19%
Slippery S Clodzilla
19%
Eerie D Danke Sand
19%
Charming B Demandi
19%
Mysterious C Failian
19%
Eerie A Foiletta
19%
Heartful C Greengramps
19%
Charming E Hoppy
19%
Eerie S Komanubis
19%
Charming D Krystal Fox
19%
Shady S Lunie
19%
Tough D Oh Bah Gah!
19%
Heartful C Ol' Fortune
19%
Charming D Panja Pupil
19%
Shady B Retreeter
19%
Shady D Salty Bacon
19%
Slippery B Shrook
19%
Tough C Sing Kong
19%
Charming C Slackoon
19%
Slippery A Slitheref
19%
Mysterious A Squandeer
19%
Heartful B Supersize Gramps
19%
Heartful A Supoor Hero
19%
Charming E Unbelieveaboy!
19%
Slippery C Urnaconda
19%
Mysterious B Verygoodsir
19%
Tough B Whatuption
19%
Charming D Zest-a-Minute
19%
Tough A Adm. Admiral
18%
Heartful D Afronaut
18%
Heartful E Bumblejack
18%
Charming E Buttered Blue
18%
Heartful C Chippa
18%
Shady C Count Zapaway
18%
Tough S Daikokuten
18%
Wicked C Defectabull
18%
Eerie C Drenchetta
18%
Slippery S Fitwit
18%
Slippery S Frogetmenot
18%
Shady D Grumpus Khan
18%
Eerie A Hairum Scarum
18%
Heartful D Happycane
18%
Shady E Herbiboy
18%
Shady B Lil Kappa
18%
Eerie B No Sandkyu
18%
Charming B Panja Pro
18%
Eerie C Papa Windbag
18%
Heartful B Pearly White
18%
Eerie B Rawry
18%
Tough A Sad 2 the Bone
18%
Wicked D Shamasol
18%
Tough D Ship. Sailor
18%
Shady B Snobetty
18%
Eerie E Squeeky
18%
Heartful B Starrycane
18%
Tough D Sumodon
18%
Heartful C Tattlecakes
18%
Shady C Tyrat
18%
Shady D Yoink
18%
Charming D Cue-tee
17%
Shady S Ed Zoff
17%
Slippery A Firewig
17%
Slippery D Irewig
17%
Heartful E Lil Blue Hood
17%
Tough D Mimikin
17%
Brave S Moolinda
17%
Tough E Nummskull
17%
Tough S Orcanos Lu Bu
17%
Charming C Puppiccino
17%
Tough A Roary
17%
Slippery D Takoyakid
17%
Shady A Tofupyon
17%
Shady S Tut 'n' K'mon
17%
Eerie C Ben Tover
16%
Tough E Chilled Cowcao
16%
Mysterious D Chukket
16%
Slippery A Cocobanana
16%
Brave S Columbakat
16%
Shady B Crummy Mummy
16%
Charming B Cymbalina
16%
Eerie A Decidevible
16%
Shady B Groupus Khan
16%
Mysterious S Hotei
16%
Brave S Hovernyan Cao Cao
16%
Shady C Injurnalist
16%
Eerie S Jurojin
16%
Tough S King Deadward
16%
Charming D Molar Petite
16%
Brave S Neighthan
16%
Slippery D OMGator
16%
Charming A Punching Baguette
16%
Shady C Rocky Badboya
16%
Mysterious C Shrillington
16%
Charming C Stinkeye
16%
Tough A Stircrazy Stu
16%
Slippery B Takoyaking
16%
Slippery A Vacuumory
16%
Slippery A Whinona
16%
Charming A Whirlweasel
16%
Slippery A Whisper Kongming
16%
Shady C Yoodooit
16%
Heartful A Amplifly
15%
Heartful S Comic Genius
15%
Shady C Disliking
15%
Tough D Speed Mountain
15%
Mysterious B Throne Wiper
15%
Eerie E Tie-red
15%
Shady S Usapyon Zhongda
15%
Shady S Bastetnyan
14%
Slippery E Cricky
14%
Heartful A Ghostess
14%
Eerie D Grubbles
14%
Shady A Hack King
14%
Slippery E Humtea Jumptea
14%
Heartful C Mr. Blue-Shy
14%
Eerie E Pergushin
14%
Heartful D Push Pup
14%
Tough C Repossessor
14%
Charming D Runsure
14%
Slippery D Shellebrity
14%
Mysterious A Shovulcan
14%
Tough A Skillskull
14%
Eerie B Spewart
14%
Shady C Sunk'nsoul
14%
Heartful C Sweatucce
14%
Tough A Terminyator
14%
Eerie B Wack-o-Lantern
14%
Tough B Yokozudon
14%
Heartful B Fundango
13%
Eerie B Glumdango
13%
Mysterious A Imagenius
13%
Shady D Indexter
13%
Charming B Life-is-Parfait
13%
Shady C My-Baaad
13%
Eerie E Quagmira
13%
Eerie C Slax
13%
Mysterious S T. Energison
13%
Heartful D Cereal Spiller
12%
Charming S Eggcelency
12%
Shady A Gimme
12%
Heartful C Got It Maid
12%
Tough B Judgebrick
12%
Heartful C Lazy Sundae
12%
Tough A Mumbles
12%
Eerie D Nervous Rex
12%
Eerie C Procrastino
12%
Brave S Rampajah
12%
Eerie D Rinsin Repete
12%
Mysterious S Sarcophacurse
12%
Slippery B Snidewinder
12%
Slippery C Snippity Cricket
12%
Heartful S Starwin
12%
Slippery S The Boracle
12%
Heartful D Tomorrow Gal
12%
Heartful C Tongue-Twister
12%
Mysterious D Unshelltered
12%
Heartful C Ponderoo
11%
Eerie C Rhumbastiltskin
11%
Eerie E Shakey
11%
Eerie B Shedwin
11%
Eerie C Soloman
11%
Slippery C Bitter Batter
10%
Slippery C Flocktopus
10%
Slippery A Mython
10%
Slippery E Snailspace
10%
Heartful D Swaycorn
10%
Heartful A Ulteria
10%
Tough S Ultra Robonyan
10%
Tough B Urnfulfilled
10%
Mysterious C Yoganalisten
10%
Shady C Misterr Typoo
9%
Tough C Mr. Blockhead
9%
Shady S Gorgeous Ambassador
8%
Shady A Kaped Komasan
8%
Slippery B Ooze Zat
8%
Heartful C Right Brothers
8%
Shady B Horizontail
7%
Shady A Letsbifrienz
7%
Slippery D Nautaloss
7%
Eerie A Percrushonists
7%
Eerie S J. Ne-Sais-Quoi
6%
No matching quizzes found
Score Distribution
Percent of People with Each Score
Percentile by Number Answered
Your Score History
You have not taken this quiz